[Event "London Classic Open 2018"]
[Site "London ENG"]
[Date "2018.12.11"]
[Round "3.30"]
[White "Osborne, Marcus E"]
[Black "Mirzoyan, Davit T."]
[Result "0-1"]
[BlackTitle "FM"]
[WhiteElo "2128"]
[BlackElo "2382"]
[WhiteFideId "404608"]
[BlackFideId "13308386"]
[EventDate "2018.12.09"]

1. d4 Nf6 2. Bg5 d5 3. Bxf6 gxf6 4. c4 c6 5. e3 Bf5 6. Nc3 e6 7. Bd3 Bg6 8. Nge2
a6 9. Nf4 Bd6 10. g3 Nd7 11. cxd5 cxd5 12. Rc1 Qb6 13. Rc2 Bxf4 14. gxf4 Bxd3
15. Qxd3 f5 16. Ke2 Rc8 17. Rhc1 O-O 18. Na4 Rxc2+ 19. Rxc2 Qd8 20. Kd1 Qh4 21.
f3 Kh8 22. Qf1 Rg8 23. Rg2 Rc8 24. Qf2 Qf6 25. Qg3 b5 26. Nc3 Nb6 27. b3 Qh6 28.
Ne2 b4 29. Nc1 a5 30. Nd3 Nd7 31. Ne5 Nxe5 32. fxe5 Rf8 33. f4 f6 34. h4 fxe5
35. dxe5 Rc8 36. Qg5 Qxg5 37. fxg5 Rc3 38. Rc2 Rxc2 39. Kxc2 h6 40. gxh6 Kh7 41.
Kd3 Kxh6 42. Kd4 Kh5 43. Kc5 Kxh4 44. Kd6 f4 45. exf4 d4 46. f5 exf5 47. e6 d3
48. e7 d2 49. e8=Q d1=Q+ 50. Kc7 f4 51. Qe7+ Kg3 52. Qg5+ Qg4 53. Qe5 Kh3 54.
Kb6 f3 55. Kxa5 f2 56. Qh8+ Kg2 57. Qa8+ Kh2 58. Qb8+ Kh1 59. Qa8+ Kh2 60. Qb8+
Kg2 61. Qa8+ Kg3 62. Qb8+ Qf4 63. Qg8+ Kf3 64. Qd5+ Ke2 65. Qe6+ Kd2 66. Qd5+
Kc1 67. Qc6+ Kb1 0-1

[Event "London Classic Open 2018"]
[Site "London ENG"]
[Date "2018.12.11"]
[Round "3.31"]
[White "Bates, Richard A"]
[Black "Stone, Andrew M"]
[Result "1/2-1/2"]
[WhiteTitle "IM"]
[WhiteElo "2372"]
[BlackElo "2157"]
[WhiteFideId "403555"]
[BlackFideId "404985"]
[EventDate "2018.12.09"]

1. d4 d5 2. c4 e6 3. Nf3 Nf6 4. g3 dxc4 5. Bg2 Bb4+ 6. Bd2 c5 7. Bxb4 cxb4 8. a3
Nc6 9. axb4 Nxb4 10. Qa4+ Nc6 11. Qxc4 Bd7 12. O-O Rc8 13. Nc3 O-O 14. Rfd1 a6
15. Qb3 Qc7 16. e4 Na5 17. Qa2 Nc4 18. Rac1 Qa5 19. Qb1 h6 20. e5 Nd5 21. Nxd5
exd5 22. b3 Nb6 23. Rc5 Qb4 24. Rdc1 Be6 25. Qd3 Rxc5 26. dxc5 Nd7 27. c6 bxc6
28. Rxc6 Nxe5 1/2-1/2

[Event "London Classic Open 2018"]
[Site "London ENG"]
[Date "2018.12.11"]
[Round "3.33"]
[White "Taylor, Adam C"]
[Black "Sperling, Lennart"]
[Result "1-0"]
[WhiteTitle "FM"]
[WhiteElo "2331"]
[BlackElo "2116"]
[WhiteFideId "424668"]
[BlackFideId "12990132"]
[EventDate "2018.12.09"]

1. Nf3 Nf6 2. g3 d5 3. c4 c6 4. cxd5 cxd5 5. Bg2 Nc6 6. O-O Bf5 7. d3 e6 8. Be3
Bd6 9. Qb3 Qe7 10. Nc3 O-O 11. Rac1 Rac8 12. Nb5 b6 13. Nxd6 Qxd6 14. Nd4 Nxd4
15. Bxd4 e5 16. Bc3 Rfd8 17. Qa4 Bd7 18. Qh4 d4 19. Bd2 Rxc1 20. Rxc1 Rc8 21.
Rxc8+ Bxc8 22. f4 h6 23. Bf3 Be6 24. b3 Bd5 25. fxe5 Qxe5 26. Qf4 Qxf4 27. Bxf4
Bxf3 28. exf3 Nd7 29. Kf1 f6 30. Bc1 Ne5 31. Ke2 Nc6 32. g4 Kf7 33. Ba3 g6 34.
Bd6 b5 35. Bc5 f5 36. gxf5 gxf5 37. Kf2 Kg6 38. Kg3 a6 39. Kf4 Kf6 40. Bd6 h5
41. Bc5 Kg6 42. b4 Kf6 43. a3 h4 44. Bb6 Kg6 45. Bc7 Kf6 46. h3 Kg6 47. Be5 Nd8
48. Bxd4 Ne6+ 49. Ke3 f4+ 50. Ke4 Ng5+ 51. Kxf4 Nxh3+ 52. Kg4 Ng5 53. f4 h3 54.
Be5 Nf7 55. f5+ Kh7 56. Bf4 Nh6+ 57. Kg5 Nf7+ 58. Kf6 Nh6 59. Ke6 1-0

[Event "London Classic Open 2018"]
[Site "London ENG"]
[Date "2018.12.11"]
[Round "3.35"]
[White "Kueppers, Timo"]
[Black "Thatte, Nishchal"]
[Result "1/2-1/2"]
[WhiteTitle "FM"]
[WhiteElo "2320"]
[BlackElo "1649"]
[WhiteFideId "16205820"]
[BlackFideId "447234"]
[EventDate "2018.12.09"]

1. d4 d5 2. c4 e6 3. Nc3 c5 4. cxd5 exd5 5. Nf3 Nc6 6. g3 Nf6 7. Bg2 Be7 8. O-O
O-O 9. dxc5 Bxc5 10. a3 a6 11. b4 Be7 12. Bb2 Re8 13. Rc1 Bf5 14. e3 Rc8 15. Ne2
Be4 16. Qb3 Qd7 17. Ned4 Nxd4 18. Nxd4 Bxg2 19. Kxg2 Red8 20. Qd3 Ne4 21. Rfd1
Rxc1 22. Rxc1 Qh3+ 23. Kg1 Nxf2 24. Qf5 Ng4 25. Nf3 Qg2+ 26. Kxg2 Nxe3+ 27. Kf2
Nxf5 28. Rc7 Kf8 29. g4 Nd6 30. Bxg7+ Kxg7 31. Rxe7 Kf6 32. Re5 Rd7 33. Kg3 Nc4
34. Rf5+ Kg7 35. Rg5+ 1/2-1/2

[Event "London Classic Open 2018"]
[Site "London ENG"]
[Date "2018.12.11"]
[Round "3.36"]
[White "Edwards, Simon R"]
[Black "Lyell, Mark"]
[Result "1/2-1/2"]
[BlackTitle "FM"]
[WhiteElo "1931"]
[BlackElo "2317"]
[WhiteFideId "406821"]
[BlackFideId "402354"]
[EventDate "2018.12.09"]

1. c4 f5 2. g3 Nf6 3. Bg2 g6 4. Nc3 Bg7 5. e3 O-O 6. h4 e5 7. d3 Nc6 8. Bd2 Qe7
9. Nd5 Nxd5 10. cxd5 Nd8 11. Qb3 d6 12. Rc1 f4 13. Qc4 Bd7 14. Nf3 Rc8 15. O-O
fxg3 16. fxg3 Nf7 17. Qb3 c5 18. dxc6 bxc6 19. Ng5 Bh6 20. Nxf7 Rxf7 21. Rxf7
Qxf7 22. Qb7 Qe6 23. Bxc6 Bxc6 24. Rxc6 1/2-1/2

[Event "London Classic Open 2018"]
[Site "London ENG"]
[Date "2018.12.11"]
[Round "3.37"]
[White "Finn, Peter"]
[Black "McDonald, Neil"]
[Result "0-1"]
[BlackTitle "GM"]
[WhiteElo "1820"]
[BlackElo "2403"]
[WhiteFideId "432156"]
[BlackFideId "400629"]
[EventDate "2018.12.09"]

1. e4 e6 2. d4 d5 3. Nd2 Nf6 4. e5 Nfd7 5. Bd3 c5 6. c3 Nc6 7. Ne2 cxd4 8. cxd4
f6 9. Nf4 Nxd4 10. Qh5+ Ke7 11. exf6+ Nxf6 12. Ng6+ hxg6 13. Qxh8 Kf7 14. O-O e5
15. Nb3 Nxb3 16. axb3 e4 17. Be2 Be6 18. Bf4 d4 19. Rfc1 Nd5 20. Bg3 d3 21. Bd1
Qf6 22. Qh4 Bf5 23. b4 d2 24. Rcb1 Qxh4 25. Bxh4 e3 26. Bf3 Bxb1 27. Rxb1 Rc8
28. Rd1 e2 29. Bxe2 Nf4 30. Bg4 Re8 31. h3 Re1+ 32. Kh2 Bxb4 33. Bg5 Rxd1 34.
Bxd1 Nd3 35. b3 Nxf2 36. Bxd2 Bd6+ 37. Kg1 Nxd1 38. Kf1 Be5 39. Ke2 Nc3+ 40. Kd3
Nd5 41. Ke4 Bc3 42. Bg5 Nf6+ 43. Kd3 Be5 44. b4 b5 45. Be3 a6 46. Bc5 Ke6 47. g4
Bd6 48. Kd4 Nd7 0-1

[Event "London Classic Open 2018"]
[Site "London ENG"]
[Date "2018.12.11"]
[Round "3.38"]
[White "Elsness, Frode"]
[Black "Semprun Martinez, Fernando"]
[Result "1-0"]
[WhiteTitle "IM"]
[WhiteElo "2447"]
[BlackElo "2091"]
[WhiteFideId "1501100"]
[BlackFideId "2203170"]
[EventDate "2018.12.09"]

1. c4 c5 2. Nf3 Nc6 3. d4 cxd4 4. Nxd4 g6 5. e4 Nf6 6. Nc3 d6 7. f3 Nxd4 8. Qxd4
Bg7 9. Be3 O-O 10. Qd2 Be6 11. Rc1 Qa5 12. Be2 Rfc8 13. b3 a6 14. Na4 Qxd2+ 15.
Kxd2 Nd7 16. g4 f5 17. exf5 gxf5 18. h3 Rc7 19. Rhg1 Rf8 20. Nc3 f4 21. Bf2 Be5
22. Bd3 Kg7 23. Ne2 Bg8 24. Nd4 e6 25. h4 Rfc8 26. h5 Bxd4 27. Bxd4+ e5 28. Bb2
d5 29. h6+ Kxh6 30. cxd5 Rxc1 31. Bxc1 Nc5 32. g5+ Kg7 33. Bb2 Nxd3 34. Kxd3
Bxd5 35. Bxe5+ Kg6 36. Bxf4 Bxf3 37. Re1 Kf5 38. Bd2 Rd8+ 39. Kc3 Be4 40. Rf1+
Ke5 41. Bf4+ Ke6 42. Kb4 Rd5 43. Be3 Rb5+ 44. Kc4 Rf5 45. Re1 Bd5+ 46. Kd4 Re5
47. Rf1 Re4+ 48. Kd3 Rg4 49. Rf8 Be4+ 50. Kc3 Bc6 51. Bf4 Kd5 52. Rd8+ Ke6 53.
Rd6+ Ke7 54. Rf6 Rh4 55. Kd3 Rh1 56. Kd4 Rd1+ 57. Kc5 Ra1 58. Kb6 Rd1 59. Be3
Rd5 60. Bc5+ Kd7 61. Rf7+ Ke8 62. Re7+ Kd8 63. Rxh7 Rd2 64. g6 Rg2 65. g7 Bd5
66. Bd4 Ke8 67. Rh5 Rg6+ 68. Kc7 Bg2 69. Rh8+ 1-0

[Event "London Classic Open 2018"]
[Site "London ENG"]
[Date "2018.12.11"]
[Round "3.39"]
[White "Lopez Gomez, Jose Pablo"]
[Black "Venkataramanan, T.S."]
[Result "0-1"]
[BlackTitle "FM"]
[WhiteElo "2094"]
[BlackElo "2253"]
[WhiteFideId "5110645"]
[BlackFideId "5001579"]
[EventDate "2018.12.09"]

1. e4 e5 2. Nf3 Nc6 3. Bb5 a6 4. Ba4 Nf6 5. O-O Be7 6. d3 b5 7. Bb3 O-O 8. Re1
d6 9. a3 Be6 10. Bxe6 fxe6 11. Nc3 Qe8 12. b4 Nh5 13. Ne2 Qg6 14. Ng3 Nf4 15.
Bxf4 Rxf4 16. Re3 Raf8 17. c3 h5 18. h3 h4 19. Nh1 Nd8 20. Nh2 Bg5 21. Rf3 Bh6
22. Rxf4 Rxf4 23. Ng4 Rf8 24. a4 Bf4 25. axb5 axb5 26. Ra8 Qg5 27. c4 Bd2 28.
cxb5 Bxb4 29. Rc8 Ba5 30. Kf1 Bb6 31. Ke2 Qe7 32. Qa4 Qd7 33. Ra8 Re8 34. Ne3
Nb7 35. Rxe8+ Qxe8 36. f3 Nc5 37. Qc4 Qa8 38. Nf2 Qa1 39. Nfd1 Kf7 40. Nc2 Qc1
41. Nce3 Qb1 42. Qc2 Qxb5 43. Nc4 Nb3 44. Qb2 Bd4 45. Qa3 d5 46. Nd2 Nc5 47.
exd5 exd5 48. Ne3 Ne6 49. Nf5 Nf4+ 50. Kd1 Bc5 51. Qc3 g5 52. d4 exd4 53. Nxd4
Qb4 54. Qxb4 Bxb4 55. Nf1 Nxg2 56. Kc2 c5 57. Nc6 Be1 58. Ne5+ Ke6 59. Nd3 c4
60. Nc5+ Kf5 61. Nd7 Ba5 62. Nb8 Ne1+ 63. Kd1 Nxf3 64. Nc6 Bb6 65. Ne7+ Ke4 66.
Nc8 Bc5 67. Ke2 c3 68. Ne3 Bxe3 69. Nd6+ Kf4 0-1

[Event "London Classic Open 2018"]
[Site "London ENG"]
[Date "2018.12.11"]
[Round "3.41"]
[White "Seymour, Timothy P"]
[Black "Ghukasyan, Siranush"]
[Result "0-1"]
[BlackTitle "WIM"]
[WhiteElo "2080"]
[BlackElo "2245"]
[WhiteFideId "412112"]
[BlackFideId "13300946"]
[EventDate "2018.12.09"]

1. Nf3 d5 2. e3 Nf6 3. c4 e6 4. b3 Be7 5. Bb2 O-O 6. Nc3 c5 7. cxd5 exd5 8. d4
b6 9. Rc1 Be6 10. Bd3 Nbd7 11. O-O h6 12. Ne5 Nxe5 13. dxe5 Ng4 14. Be2 Nxe5 15.
f4 d4 16. Nb5 a6 17. Na3 Nc6 18. Bf3 Bd5 19. exd4 Nxd4 20. Bxd4 cxd4 21. Nc2
Bxf3 22. Rxf3 Bf6 23. Rd3 Rc8 24. Nb4 Qd6 25. Rxc8 Rxc8 26. Qd2 Qe6 27. h3 a5
28. Nc2 Qe4 29. Ne1 Rc3 30. Kf2 g5 31. g3 gxf4 32. Qxf4 Qxf4+ 33. gxf4 Bh4+ 34.
Ke2 Bxe1 0-1

[Event "London Classic Open 2018"]
[Site "London ENG"]
[Date "2018.12.11"]
[Round "3.42"]
[White "Price, Gwilym"]
[Black "Rocco, Federico"]
[Result "1-0"]
[WhiteElo "2075"]
[BlackElo "2244"]
[WhiteFideId "443980"]
[BlackFideId "431362"]
[EventDate "2018.12.09"]

1. e4 c5 2. Nf3 d6 3. d4 cxd4 4. Nxd4 Nf6 5. Nc3 a6 6. Bg5 e6 7. Qe2 Be7 8. h4
h6 9. Bd2 e5 10. Nf5 Bxf5 11. exf5 Nc6 12. Ne4 Nd4 13. Nxf6+ Bxf6 14. Qd3 d5 15.
O-O-O e4 16. Qa3 Nxf5 17. Ba5 Qd7 18. Bc4 Ne7 19. Bxd5 Nxd5 20. Qb3 O-O 21. Rxd5
Qg4 22. g3 Rfe8 23. Bb6 Rac8 24. Rhd1 Re6 25. Bd4 Rec6 26. Rd2 Qh3 27. c3 e3 28.
fxe3 Qxg3 29. Bxf6 Qg1+ 30. Kc2 Qg6+ 31. R5d3 Rxf6 32. Qxb7 Rd8 33. e4 Rxd3 34.
Rxd3 Kh7 35. Qd5 Rf4 36. h5 Qxe4 37. Qxe4+ Rxe4 38. Rd6 Re5 39. Rxa6 Rxh5 40. b4
g5 41. Rf6 Kg7 42. Rf1 Rh2+ 43. Kb3 g4 44. a4 h5 45. a5 h4 46. a6 Re2 47. a7 Re8
48. b5 h3 49. b6 Re6 50. a8=Q Rxb6+ 51. Kc2 g3 52. Qf3 Rg6 53. Qxf7+ Kh6 54. Rf6
Rxf6 55. Qxf6+ Kh5 56. Qf3+ Kh4 57. Qf4+ 1-0

[Event "London Classic Open 2018"]
[Site "London ENG"]
[Date "2018.12.11"]
[Round "3.43"]
[White "Richardson, John R"]
[Black "Nettleton, Charlie B"]
[Result "1-0"]
[WhiteTitle "FM"]
[WhiteElo "2242"]
[BlackElo "2059"]
[WhiteFideId "401617"]
[BlackFideId "419710"]
[EventDate "2018.12.09"]

1. d4 d6 2. c4 e5 3. Nf3 Nd7 4. Nc3 Ngf6 5. g3 Be7 6. Bg2 O-O 7. O-O c6 8. e4
Re8 9. d5 cxd5 10. cxd5 Nc5 11. Ne1 a5 12. Nd3 b6 13. Nxc5 bxc5 14. f4 Nd7 15.
Be3 Ba6 16. Rf2 Bf6 17. Qg4 exf4 18. gxf4 Rb8 19. e5 dxe5 20. Ne4 Bd3 21. f5
Bxe4 22. Bxe4 Rb4 23. Kh1 Qb8 24. Rg1 Kf8 25. Qg2 Qd6 26. Rc2 Reb8 27. Rgc1 Rd4
28. Bxd4 exd4 29. Qg3 Qxg3 30. hxg3 Ke7 31. Rh2 h6 32. Rc4 Kd6 33. b3 Nb6 34.
Rc1 Bg5 35. Re1 Re8 36. Rhe2 Be3 37. Bf3 Nxd5 38. Bxd5 Kxd5 39. Kg2 Ke4 40. Rc2
Re5 41. Rf1 f6 42. g4 Rd5 43. Rc4 Bd2 44. Rf3 Bb4 45. Kf2 Re5 46. Rc2 Kd5 47.
Re2 Rxe2+ 48. Kxe2 Ke4 49. Rg3 Bc3 50. Rf3 Bb2 51. Rf1 Ba3 52. Rf3 Bc1 53. Rf1
Be3 54. Kd1 d3 55. Ke1 Kd4 56. Rf3 Ke4 57. Rf1 Bf4 58. Kd1 Be3 59. Ke1 h5 60.
gxh5 Bf4 61. Rg1 Bg5 62. Rxg5 1-0

[Event "London Classic Open 2018"]
[Site "London ENG"]
[Date "2018.12.11"]
[Round "3.44"]
[White "Coote, Trevor D"]
[Black "Marzano, Carlo"]
[Result "0-1"]
[WhiteElo "2057"]
[BlackElo "2222"]
[WhiteFideId "410039"]
[BlackFideId "802980"]
[EventDate "2018.12.09"]

1. d4 d5 2. Nf3 Nf6 3. c4 dxc4 4. Nc3 a6 5. e4 b5 6. a4 b4 7. Na2 Nxe4 8. Bxc4
e6 9. Qe2 Bb7 10. O-O Be7 11. Rd1 O-O 12. Bd3 Nf6 13. Bf4 Nbd7 14. Be5 a5 15.
Rac1 Bd6 16. Nd2 Nxe5 17. dxe5 Bxe5 18. Qxe5 Qxd3 19. Rxc7 Qd5 20. Qxd5 Bxd5 21.
Nc1 Rfd8 22. f3 Rdc8 23. Rxc8+ Rxc8 24. Ncb3 Kf8 25. Kf2 Rc2 26. Ke3 Rxb2 27.
Nxa5 Ra2 28. Nac4 Rxa4 29. Nb6 Ra3+ 30. Kd4 Ra2 31. g4 g5 32. h4 h6 33. hxg5
hxg5 34. Ke5 Kg7 35. Kd4 Ra3 36. Rb1 Ra2 37. Rd1 Bb7 38. Kc4 Ra3 39. Kxb4 Rd3
40. Nbc4 Bxf3 41. Re1 Bxg4 42. Kc5 Bf5 43. Nf1 Rd5+ 44. Kb4 Bd3 0-1

[Event "London Classic Open 2018"]
[Site "London ENG"]
[Date "2018.12.11"]
[Round "3.45"]
[White "Signorelli, Gaetano"]
[Black "Ratnesan, Ranesh"]
[Result "1-0"]
[WhiteElo "2222"]
[BlackElo "2055"]
[WhiteFideId "863416"]
[BlackFideId "439339"]
[EventDate "2018.12.09"]

1. e4 c5 2. Nf3 d6 3. d4 cxd4 4. Nxd4 Nf6 5. Nc3 a6 6. Qf3 g6 7. h3 Bg7 8. Be3
Nc6 9. g4 O-O 10. O-O-O Bd7 11. Qg2 b5 12. f4 Rc8 13. Kb1 Na5 14. Nd5 Nc4 15.
Bxc4 bxc4 16. Nxf6+ Bxf6 17. c3 Ba4 18. Rd2 Qa5 19. h4 Rb8 20. Ka1 Bb3 21. a3
Ba4 22. h5 e5 23. fxe5 dxe5 24. Nf3 Bc6 25. Rd6 Be7 26. hxg6 Bxd6 27. Qh2 1-0

[Event "London Classic Open 2018"]
[Site "London ENG"]
[Date "2018.12.11"]
[Round "3.46"]
[White "Flear, Christine"]
[Black "Mihalik, Agoston"]
[Result "0-1"]
[WhiteTitle "WIM"]
[WhiteElo "2055"]
[BlackElo "2220"]
[WhiteFideId "602604"]
[BlackFideId "719021"]
[EventDate "2018.12.09"]

1. d4 Nf6 2. c4 e6 3. g3 c5 4. d5 exd5 5. cxd5 d6 6. Nc3 g6 7. Bg2 Bg7 8. Nf3
O-O 9. O-O Re8 10. Bf4 Ne4 11. Nxe4 Rxe4 12. Nd2 Rxf4 13. gxf4 Bxb2 14. Rb1 Bg7
15. e4 Nd7 16. Qf3 Bh6 17. Nc4 Qf6 18. Nxd6 Qxd6 19. e5 Qe7 20. Rfe1 Nf8 21. e6
fxe6 22. Qh3 Bxf4 23. dxe6 Bxe6 24. Rxb7 Bxh3 25. Rexe7 Bxg2 26. Kxg2 a5 27. h3
Rc8 28. Kf3 Bd6 29. Re2 c4 30. Rc2 c3 31. Ke4 Bb4 32. Rb6 Nd7 33. Rb5 Nc5+ 34.
Ke3 Re8+ 35. Kf3 Nd3 36. Kg3 Ne1 37. Rc1 c2 38. Rd5 Ba3 39. Rxc2 Nxc2 40. Rxa5
Bd6+ 41. Kg2 Kf7 42. a4 Ne1+ 43. Kf1 Nd3 0-1

[Event "London Classic Open 2018"]
[Site "London ENG"]
[Date "2018.12.11"]
[Round "3.47"]
[White "Hill, Alistair"]
[Black "Gerlach, Felix Tobias"]
[Result "0-1"]
[WhiteElo "2219"]
[BlackElo "2050"]
[WhiteFideId "432407"]
[BlackFideId "12957690"]
[EventDate "2018.12.09"]

1. d4 Nf6 2. c4 g6 3. Nc3 Bg7 4. e4 d6 5. Be2 O-O 6. Bg5 c5 7. d5 e6 8. Nf3 exd5
9. cxd5 h6 10. Bf4 g5 11. Be3 b5 12. Qc2 b4 13. Nd1 Re8 14. Nd2 Ba6 15. Bxa6
Nxa6 16. O-O Nc7 17. Re1 Nh5 18. Nf1 Qf6 19. a3 bxa3 20. Rxa3 Qg6 21. Qa4 Qxe4
22. Qc6 Nf4 23. f3 Qc2 24. Nf2 Nfxd5 25. Rd3 Nb4 26. Qxd6 Nxd3 27. Nxd3 Rad8 28.
Qxc7 Rxd3 29. Qc6 Rdxe3 30. Rxe3 Rxe3 31. Nxe3 Bd4 32. Qe8+ Kg7 33. Qe5+ Bxe5
34. Nxc2 Bxb2 35. Kf2 a5 0-1

[Event "London Classic Open 2018"]
[Site "London ENG"]
[Date "2018.12.11"]
[Round "3.48"]
[White "Grigoryan, Meri"]
[Black "Haribalu, V."]
[Result "0-1"]
[WhiteTitle "WFM"]
[WhiteElo "2054"]
[BlackElo "2208"]
[WhiteFideId "13300571"]
[BlackFideId "5015189"]
[EventDate "2018.12.09"]

1. d4 Nf6 2. Nf3 e6 3. c4 d5 4. e3 c6 5. Be2 Nbd7 6. O-O Bd6 7. Nc3 O-O 8. Qc2
dxc4 9. Bxc4 b5 10. Be2 Bb7 11. e4 e5 12. dxe5 Nxe5 13. Bg5 h6 14. Bh4 Ng6 15.
Bg3 Bxg3 16. hxg3 Qe7 17. Bd3 a6 18. Rfe1 Ne5 19. Nh4 Rad8 20. Bf1 Nfg4 21. Be2
Qc5 22. Bxg4 Nxg4 23. Qe2 Bc8 24. Rac1 Ne5 25. Nb1 Qb6 26. Rc3 b4 27. Rc2 Bg4
28. Nf3 Rd3 29. Rxc6 Qb5 30. Rc7 Nxf3+ 31. gxf3 Bxf3 32. Qxd3 0-1

[Event "London Classic Open 2018"]
[Site "London ENG"]
[Date "2018.12.11"]
[Round "3.49"]
[White "Harari, Zaki"]
[Black "Villiers, Thomas"]
[Result "0-1"]
[BlackTitle "CM"]
[WhiteElo "2038"]
[BlackElo "2205"]
[WhiteFideId "2002639"]
[BlackFideId "427209"]
[EventDate "2018.12.09"]

1. e4 c5 2. Nf3 e6 3. d4 cxd4 4. Nxd4 Nc6 5. Nb5 d6 6. c4 a6 7. N5c3 Nf6 8. Be2
Be7 9. O-O O-O 10. Be3 Qc7 11. Nd2 Nb8 12. Rc1 Nbd7 13. f4 b6 14. Qe1 Bb7 15. b4
Rac8 16. a3 Qb8 17. Qg3 Kh8 18. Bf3 Qa8 19. Rfd1 Rfd8 20. e5 Ng8 21. Nce4 d5 22.
cxd5 Bxd5 23. Ng5 Bxg5 24. Qxg5 f6 25. Qg3 fxe5 26. fxe5 Ne7 27. Bxd5 Nxd5 28.
Bg5 Rxc1 29. Rxc1 Rc8 30. Re1 Rc3 31. Qg4 Qe8 32. Ne4 Rxa3 33. Bc1 Ra1 34. Nd6
Qg6 35. Qc4 h6 36. Qc8+ Kh7 37. Qxd7 Ra2 0-1

[Event "London Classic Open 2018"]
[Site "London ENG"]
[Date "2018.12.11"]
[Round "3.50"]
[White "Stoyanov, Viktor"]
[Black "Ditmas, Hugh"]
[Result "1-0"]
[WhiteElo "2205"]
[BlackElo "1978"]
[WhiteFideId "450308"]
[BlackFideId "1270666"]
[EventDate "2018.12.09"]

1. Nf3 Nf6 2. c4 e6 3. e3 b6 4. Nc3 Bb7 5. b3 Be7 6. Bb2 O-O 7. Be2 d5 8. Qc2 c5
9. cxd5 Nxd5 10. Nxd5 Bxd5 11. O-O Nd7 12. Rac1 Bf6 13. Rfd1 Bb7 14. d4 Rc8 15.
Qd2 cxd4 16. Nxd4 Rxc1 17. Bxc1 Nc5 18. Ba3 Be7 19. Bb2 Qa8 20. Bf1 Rd8 21. Qe2
Bf6 22. b4 Na4 23. Ba1 Qc8 24. Qe1 a6 25. Rc1 Qd7 26. b5 axb5 27. Bxb5 Qd5 28.
Bc6 Bxc6 29. Nxc6 Re8 30. Bxf6 gxf6 31. Nb4 Qb7 32. Nd3 Rc8 33. h3 Nc5 34. Nf4
Rd8 35. Qe2 Ne4 36. Rd1 Rxd1+ 37. Qxd1 Qc7 38. Qg4+ Kf8 39. Nxe6+ fxe6 40. Qxe4
Qd7 41. Qb4+ Kg7 42. Qxb6 e5 43. Qb1 Qa4 44. Qb3 Qa5 45. Qc2 Qa3 46. Kh2 e4 47.
Qxe4 Qxa2 48. Qf5 Qd2 49. h4 Qd6+ 50. g3 Qb6 51. e4 Qd6 52. Kg2 Qd4 53. g4 Kg8
54. Qd5+ 1-0

[Event "London Classic Open 2018"]
[Site "London ENG"]
[Date "2018.12.11"]
[Round "3.51"]
[White "Penna, Tommaso"]
[Black "Dougan Maho, Harold"]
[Result "1-0"]
[WhiteElo "1963"]
[BlackElo "2204"]
[WhiteFideId "847836"]
[BlackFideId "2257076"]
[EventDate "2018.12.09"]

1. e4 d6 2. d4 Nf6 3. Nc3 c6 4. h3 e6 5. Nf3 d5 6. e5 Nfd7 7. Ne2 c5 8. c3 Nc6
9. a3 Qb6 10. b4 cxd4 11. cxd4 a5 12. b5 Na7 13. a4 f6 14. exf6 Nxf6 15. Ng3 Bd6
16. Bd3 Bxg3 17. fxg3 Qc7 18. O-O Qxg3 19. Ng5 O-O 20. Bf4 Qh4 21. Qd2 Bd7 22.
Rae1 Rae8 23. Nf3 Qh5 24. Bd6 Nc8 25. Bxf8 Rxf8 26. Qxa5 Ne7 27. Ne5 Bc8 28. Qc7
Re8 29. a5 Qh4 30. Nf3 Qh5 31. a6 bxa6 32. bxa6 Bxa6 33. Bxa6 Nf5 34. Bd3 Nh4
35. Nxh4 Qxh4 36. Qf4 Qh5 37. Re5 1-0

[Event "London Classic Open 2018"]
[Site "London ENG"]
[Date "2018.12.11"]
[Round "3.52"]
[White "Stephan, Axel"]
[Black "Rice, Chris B"]
[Result "1/2-1/2"]
[WhiteElo "2204"]
[BlackElo "1963"]
[WhiteFideId "4632834"]
[BlackFideId "404446"]
[EventDate "2018.12.09"]

1. d4 a6 2. Nf3 e6 3. Bf4 Nf6 4. e3 b5 5. Nbd2 Bb7 6. c3 Be7 7. h3 O-O 8. Bd3 d5
9. Ne5 Ne4 10. Qh5 f5 11. Qe2 c5 12. dxc5 Nxc5 13. Bc2 Nc6 14. Ndf3 Nxe5 15.
Bxe5 Bd6 16. Qd2 Bxe5 17. Nxe5 Nd7 18. Nxd7 Qxd7 19. g4 Qc7 20. gxf5 d4 21. Rg1
dxc3 22. Qxc3 Qxc3+ 23. bxc3 exf5 24. O-O-O Bc6 25. Rg5 g6 26. h4 Rf6 27. h5 Bf3
28. Rdg1 Kf7 29. Bb3+ Kg7 30. hxg6 hxg6 31. R5g3 Bc6 32. Rh3 Rh8 33. Rxh8 Kxh8
34. Rd1 Kg7 35. f4 Kf8 36. Rd8+ Ke7 37. Rg8 Kd6 38. Rg7 Kc5 39. Bf7 Bd5 40. Bxd5
Kxd5 41. Kd2 Kc5 42. Re7 Rd6+ 43. Kc2 Kd5 44. Kb3 Kc5 45. Re5+ Kb6 46. Re8 Kc5
47. Kc2 Kd5 48. Re5+ Kc4 49. Re8 Kd5 50. Kb3 Kc5 51. Re5+ Kb6 52. a4 Rc6 53.
axb5 axb5 54. Re7 Kc5 55. Re8 Kb6 56. Re5 Ka6 57. Re8 1/2-1/2

[Event "London Classic Open 2018"]
[Site "London ENG"]
[Date "2018.12.11"]
[Round "3.53"]
[White "Royal, Shreyas"]
[Black "Ethelontis, Alexandros N"]
[Result "1/2-1/2"]
[WhiteTitle "CM"]
[WhiteElo "1930"]
[BlackElo "2187"]
[WhiteFideId "448869"]
[BlackFideId "405469"]
[EventDate "2018.12.09"]

1. d4 e6 2. g3 Nf6 3. c4 c5 4. Nf3 cxd4 5. Nxd4 Bb4+ 6. Bd2 Bc5 7. Nb3 Be7 8.
Bg2 Nc6 9. O-O O-O 10. Nc3 d6 11. Bf4 h6 12. Qd2 e5 13. Be3 Be6 14. Nd5 Qd7 15.
Rfd1 Rfd8 16. Qe1 Ng4 17. Rac1 Bxd5 18. cxd5 Nxe3 19. fxe3 Nb8 20. Qf2 Na6 21.
Rf1 Rf8 22. Be4 g6 23. a3 Rac8 24. Rxc8 Qxc8 25. Bd3 Qd8 26. Nd2 Nc5 27. b4 Nd7
28. Nc4 Nb6 29. e4 Nxc4 30. Bxc4 Qc7 31. Bd3 a6 32. Qg2 Qb6+ 33. Kh1 Qc7 34. Kg1
Kg7 35. Qf2 h5 36. Qe3 Bd8 37. Kg2 Qb6 38. Qd2 h4 39. g4 Qd4 40. a4 Rh8 41. h3
a5 42. bxa5 Qxa4 43. Qb2 Qxa5 44. Qxb7 Rf8 45. Qd7 Qc5 46. Qc6 Qb4 47. Rb1 Qd2
48. Rf1 Be7 49. Qc1 Qa5 50. Qb1 Bg5 51. Qb5 Qa3 52. Qb1 Ra8 53. Qb5 Bf4 54. Qb6
Rc8 55. Qf2 g5 56. Qg1 Rc3 57. Ra1 Rxd3 58. Rxa3 Rxa3 59. e3 Rxe3 60. Qb1 Rg3+
61. Kf2 Be3+ 62. Ke2 Rxh3 63. Qb8 Bc5 64. Qd8 Re3+ 65. Kd2 h3 66. Qxg5+ Kf8 67.
Qd8+ Kg7 68. Qg5+ Kh7 69. Qh5+ 1/2-1/2

[Event "London Classic Open 2018"]
[Site "London ENG"]
[Date "2018.12.11"]
[Round "3.54"]
[White "Britton, Richard L"]
[Black "Nelson, Omowale"]
[Result "1-0"]
[WhiteTitle "FM"]
[WhiteElo "2186"]
[BlackElo "1956"]
[WhiteFideId "401692"]
[BlackFideId "7400209"]
[EventDate "2018.12.09"]

1. e4 c6 2. d4 d5 3. Nc3 dxe4 4. Nxe4 Bf5 5. Ng3 Bg6 6. h4 h6 7. Nf3 Nd7 8. h5
Bh7 9. Bd3 Bxd3 10. Qxd3 e6 11. Bd2 Ngf6 12. O-O-O Be7 13. Kb1 c5 14. d5 Nxd5
15. Nf5 N7f6 16. Nxg7+ Kf8 17. Nxe6+ fxe6 18. Qg6 Ng8 19. Ne5 Qe8 20. Qxe6 Ndf6
21. Bc3 Rh7 22. Ng6+ Kg7 23. Nxe7 Qxe7 24. Rd7 Qxd7 25. Qxd7+ Kh8 26. Qf5 Rf7
27. g4 Raf8 28. f4 Ne7 29. Qe6 Nd5 30. Qxd5 1-0